<The> EU and its neighbors: in search of new forms of partnership

Zmeny po roku 2004, po rozšírení Európskej únie. Rusko - energetická veľmoc - a rozšírenie EÚ. Štyri roky po vzniku ENP (European neighbors partnership - Európske susedské partnerstvo). Reformovanie partnerstva. Susedská politika. Regionálna integrácia. Mapovanie budúcnosti Európy.

Salvato in:
Dettagli Bibliografici
Autore principale: Kempe, Iris
Natura: Capitolo di libro
Lingua:inglese
Soggetti:
Tags: Aggiungi Tag
Nessun Tag, puoi essere il primo ad aggiungerne!!

MARC

LEADER 00000naa$a2200000$$$4500
001 0090034
005 20231009112410.6
041 0 |a eng 
044 |a SK 
245 1 0 |a <The> EU and its neighbors: in search of new forms of partnership  |c Iris Kempe 
520 |a Zmeny po roku 2004, po rozšírení Európskej únie. Rusko - energetická veľmoc - a rozšírenie EÚ. Štyri roky po vzniku ENP (European neighbors partnership - Európske susedské partnerstvo). Reformovanie partnerstva. Susedská politika. Regionálna integrácia. Mapovanie budúcnosti Európy. 
610 2 0 |a integrácia ekonomická medzinárodná 
610 2 0 |a integrácia regionálna 
610 2 0 |a partnerstvo strategické 
610 2 0 |a reformy 
610 2 0 |a Európska únia 
610 2 0 |a Rusko 
100 1 |a Kempe, Iris